|
|
|
|
| LEADER |
00000cam a2200000 i 4500 |
| 001 |
1/19449 |
| 008 |
010427s1993 gr | ||| |||| ||gre|| |
| 035 |
|
|
|l 10066858
|
| 040 |
|
|
|a GR-MY-UA
|b gre
|e aacr
|
| 041 |
1 |
|
|a gre
|h grc
|
| 082 |
7 |
|
|a 885.3
|2 (22)
|
| 100 |
1 |
|
|a Λυσίας,
|d π. 450-π. 370.
|
| 245 |
1 |
0 |
|a Λυσίας άπαντα /
|c Λυσίας ; εισαγωγή-μετάφραση-σχόλια Γιώργος Κ. Κυριαζής
|
| 260 |
|
|
|a Αθήνα :
|b Κάκτος,
|c c1993
|
| 300 |
|
|
|a 3 τ. ;
|c 21 εκ.
|
| 490 |
1 |
|
|a (Οι Έλληνες ;
|v vol.131, vol.132, vol.133)
|
| 600 |
1 |
0 |
|a Λυσίας,
|d π. 450-π. 370.
|
| 650 |
0 |
0 |
|a Speeches, addresses, etc., Greek.
|
| 830 |
|
0 |
|a Έλληνες ;
|v v.131, v.132, v.133
|
| 852 |
|
|
|a INST
|b LESVOS
|e 20010427
|h 885.3 ΛΥΣ
|p 005100028945
|q 005100028945
|t BK
|y 0
|z τ.1
|
| 852 |
|
|
|a INST
|b LESVOS
|e 20010427
|h 885.3 ΛΥΣ
|p 005100028946
|q 005100028946
|t BK
|y 0
|z τ.2
|
| 852 |
|
|
|a INST
|b LESVOS
|e 20010427
|h 885.3 ΛΥΣ
|p 005100028947
|q 005100028947
|t BK
|y 0
|z τ.3
|
| 852 |
|
|
|a INST
|b LESVOS
|e 20010427
|h 885.3 ΛΥΣ
|p 005100028945
|q 005100028945
|t BK
|v τ.1:
|y 0
|z τ.1
|
| 852 |
|
|
|a INST
|b LESVOS
|e 20010427
|h 885.3 ΛΥΣ
|p 005100028946
|q 005100028946
|t BK
|v τ.2:
|y 0
|z τ.2
|
| 852 |
|
|
|a INST
|b LESVOS
|e 20010427
|h 885.3 ΛΥΣ
|p 005100028947
|q 005100028947
|t BK
|v τ.3:
|y 0
|z τ.3
|
| 853 |
|
|
|a INST
|b LESVOS
|h 885.3 ΛΥΣ
|
| 901 |
|
|
|a BIBL1-2001-1
|
| 909 |
|
|
|a Λ
|b 071959
|
| 909 |
|
|
|a Λ
|b 071960
|
| 909 |
|
|
|a Λ
|b 071961
|
| 922 |
|
|
|a 1ΕΛΗ
|b 199912
|c ΤΑΚ/ΚΥΒ
|d ΠΑΠΑΣΩΤΗΡΙΟΥ
|
| 950 |
|
|
|a 023-1999-12-06
|
| 970 |
|
|
|a ΤΖΑΦΕΡΗ
|b ΕΥΑΓΓΕΛΙΑ
|z 2001/04/27
|